Botah shakti (Record no. 8766)

MARC details
000 -LEADER
fixed length control field 00574cam a2200229ua 4500
001 - CONTROL NUMBER
control field 9763
005 - DATE AND TIME OF LATEST TRANSACTION
control field 20260515114523.0
008 - FIXED-LENGTH DATA ELEMENTS--GENERAL INFORMATION
fixed length control field 160824n ii |||gr||||Z||||||asm
020 ## - INTERNATIONAL STANDARD BOOK NUMBER
International Standard Book Number 8123720939
040 ## - CATALOGING SOURCE
Transcribing agency MAIN
041 ## - LANGUAGE CODE
Language code of text/sound track or separate title asm
082 ## - DEWEY DECIMAL CLASSIFICATION NUMBER
Classification number 333.92
100 ## - MAIN ENTRY--PERSONAL NAME
Personal name Athawale, Sunil B.,
Relator term Author.,
245 ## - TITLE STATEMENT
Title Botah shakti
Statement of responsibility, etc. By Sunil B. Athawale
260 ## - PUBLICATION, DISTRIBUTION, ETC.
Place of publication, distribution, etc. New Delhi:
Name of publisher, distributor, etc. NBT,
Date of publication, distribution, etc. 1997.
300 ## - PHYSICAL DESCRIPTION
Extent 57p.
653 ## - INDEX TERM--UNCONTROLLED
Uncontrolled term Economics of land & energy
653 ## - INDEX TERM--UNCONTROLLED
Uncontrolled term Wind energy
653 ## - INDEX TERM--UNCONTROLLED
Uncontrolled term Popular science
700 ## - ADDED ENTRY--PERSONAL NAME
Personal name Baruah, Rajendra Kumar,
Relator term Translator.
942 ## - ADDED ENTRY ELEMENTS (KOHA)
Koha item type Books
Holdings
Withdrawn status Lost status Damaged status Not for loan Home library Current library Shelving location Date acquired Total checkouts Full call number Barcode Date last seen Copy number Price effective from Koha item type
        Naharkatiya College Library Naharkatiya College Library General stacks 09/19/2020   333.92 | ATH 16728 09/19/2020 1 09/19/2020 Books